| 000 | 01156nam a22002897a 4500 | ||
|---|---|---|---|
| 003 | EG-ScBUE | ||
| 005 | 20211205103759.0 | ||
| 008 | 110720s1996 ua f b 000 0 ara d | ||
| 017 | _a95 / 11250 | ||
| 040 |
_aEG-ScBUE _bara _erda _cEG-ScBUE _dEG-ScBUE |
||
| 082 | 0 | 4 |
_a892.709 _bح ي ا _222 |
| 100 | 1 |
_98751 _aأبو حيان التوحيدي، علي بن محمد، _dت. حو. 400 هـ.، _eمؤلف. |
|
| 245 | 1 | 2 |
_aالإشارات الإلهية / _cلأبي حيان التوحيدي ؛ تحقيق دكتور عبد الرحمن بدوي. |
| 264 | 1 |
_aالقاهرة : _bالهيئة العانة للثقافة، _c1996. |
|
| 300 |
_a389 صفحة ؛ _c24 سم. |
||
| 336 |
_2rdacontent _aنص _btxt |
||
| 337 |
_2rdamedia _aبدون وسيط _bn |
||
| 338 |
_2rdacarrier _aمجلد _bnc |
||
| 490 | 0 |
_aالذخائر ؛ _v2 |
|
| 504 | _aيشتمل على إرجاعات ببليوجرافية. | ||
| 650 | 7 |
_913631 _aالأدب العربي _xتاريخ ونقد. _2BUEsh |
|
| 651 | _2BUEsh | ||
| 653 |
_cJuly2011 _bARALIT |
||
| 655 |
_vReading book _934232 |
||
| 700 |
_922188 _aبدوي، عبد الرحمن، _eمحقق. |
||
| 942 |
_2ddc _cBB |
||
| 999 |
_c15715 _d15715 |
||